| 000 | 01510cam a2200337 a 4500 | ||
|---|---|---|---|
| 001 | 3527053 | ||
| 005 | 20060807180409.0 | ||
| 008 | 961015s1997 enka |rb 001 0 eng | ||
| 010 | _a 96047506 | ||
| 020 | _a0415120012 (hc) | ||
| 020 | _a0415120020 (pbk.) | ||
| 040 |
_aDLC _cDLC _dDLC |
||
| 043 |
_ae------ _aee----- _aec----- |
||
| 050 | 0 | 0 |
_aHC241.2 _b.P6639 1997 |
| 082 | 0 | 0 |
_a337.142 _222 _bPRE |
| 100 | 1 |
_aPreston, Christopher. _910995 |
|
| 245 | 1 | 0 |
_aEnlargement & Integration in the European Union / _cChristopher Preston. |
| 246 | 3 | _aEnlargement and integration in the European Union | |
| 260 |
_aLondon : _bRoutledge, 1997 _c1997. |
||
| 300 |
_ax, 259 p. : _bill. ; _c23 cm. |
||
| 440 | 4 |
_aThe Routledge/University Association for Contemporary European Studies series _910996 |
|
| 504 | _aIncludes bibliographical references (p. 240-251) and index. | ||
| 651 | 0 |
_aEuropean Union countries. _910997 |
|
| 651 | 0 |
_aEurope _xEconomic integration. _910998 |
|
| 651 | 0 |
_aEurope, Eastern _xEconomic integration. _910999 |
|
| 651 | 0 |
_aEurope, Central _xEconomic integration. _911000 |
|
| 856 | 4 | 2 |
_3Publisher description _uhttp://www.loc.gov/catdir/enhancements/fy0649/96047506-d.html |
| 942 |
_2ddc _cBB |
||
| 999 |
_c13290 _d13290 |
||